000 00599cam a22002411 4500
001 sa 65007584
003 DLC
005 20260227112149.0
008 891011s1962 ii 000 0 sano
010 _asa 65007584
025 _aPL480:I-San-105
035 _a(OCoLC)20473405
040 _aDLC
_cWaU
_dDLC
041 0 _asanhin
050 0 0 _aPK2057
_b.A2
100 0 _aAcyutānanda Sarasvatī,
_cSwami.
245 1 0 _aVyākhyānamālā.
260 _c[1962?]
300 _a173 p.
_c23 cm.
500 _aHindi and Sanskrit.
650 0 _aSanskrit poetry.
700 1 _aŚāstrī, Yajñadeva.
999 _c65226
_d65226